Medical Microbiology : A Guide to Microbial Infections : Pathogenesis, Immunity, Laboratory Diagnosis and Control (Record no. 75959)

MARC details
000 -LEADER
fixed length control field 00512pam a2200169 a 4500
020 ## - INTERNATIONAL STANDARD BOOK NUMBER
International Standard Book Number 9780443070785
Terms of availability
041 ## - LANGUAGE CODE
Language code of text/sound track or separate title eng
082 ## - DEWEY DECIMAL CLASSIFICATION NUMBER
Classification number 576
Item number GRE
100 ## - MAIN ENTRY--PERSONAL NAME
Personal name Greenwood, D.
245 ## - TITLE STATEMENT
Title Medical Microbiology : A Guide to Microbial Infections : Pathogenesis, Immunity, Laboratory Diagnosis and Control
Medium Textual Documents
250 ## - EDITION STATEMENT
Edition statement 16th ed.
260 ## - PUBLICATION, DISTRIBUTION, ETC.
Place of publication, distribution, etc. London
Name of publisher, distributor, etc. Churchill Livingstone Books
Date of publication, distribution, etc. 2002
300 ## - PHYSICAL DESCRIPTION
Extent 709.
653 ## - INDEX TERM--UNCONTROLLED
Uncontrolled term Microbiology
700 ## - ADDED ENTRY--PERSONAL NAME
Personal name Slack, R C B.
-- Peutherer, J F.
930 ## - EQUIVALENCE OR CROSS-REFERENCE-UNIFORM TITLE HEADING [LOCAL, CANADA]
Uniform title 2678
Holdings
Withdrawn status Lost status Damaged status Not for loan Collection Home library Current library Date acquired Source of acquisition Cost, normal purchase price Total Checkouts Full call number Barcode Date last seen Copy number Price effective from Koha item type
          Poona College of Pharmacy, Pune Poona College of Pharmacy, Pune 26/04/2005 K. M. Varghese Company 644.00   576 GRE PCP-BMT-854 24/02/2023 1 24/02/2023 Book